| 000 | 00379nam a22001577a 4500 | ||
|---|---|---|---|
| 003 | SGT | ||
| 020 | _a9789386827111 | ||
| 082 |
_a611 _bE18G |
||
| 100 | _aGARG, KRISHNA | ||
| 245 | _aESSENTIALS OF ANATOMY & PHYSIOLOGY FOR FNM WITH CLINICAL IMPPORTANC | ||
| 250 | _a1ST | ||
| 260 |
_aINDIA _bCBS PUB _c2018 |
||
| 300 | _a300 | ||
| 650 | _aHUMAN ANATOMY | ||
| 942 |
_2ddc _cBK _063 |
||
| 999 |
_c21919 _d21919 |
||